Normal view
MARC view
- Moeen-Ul-Rahman, Syed
Entry Personal Name
001 - CONTROL NUMBER
- control field: 16020
003 - CONTROL NUMBER IDENTIFIER
- control field: NUST
005 - DATE AND TIME OF LATEST TRANSACTION
- control field: 20190630053429.0
008 - FIXED-LENGTH DATA ELEMENTS
- fixed length control field: 190630|| aca||aabn | a|a d
040 ## - CATALOGING SOURCE
- Original cataloging agency: NUST
- Transcribing agency: NUST
100 ## - HEADING--PERSONAL NAME
- Personal name: Moeen-Ul-Rahman, Syed
670 ## - SOURCE DATA FOUND
- Source citation: Work cat.: (NUST): Moeen-Ul-Rahman, Syed, Bar Sabil-e-Ghalib /, 2000.
